Regional policy; readings in theory and applications (Registro nro. 318572)

Detalles MARC
000 -ENCABEZADO
Número de control [NR] 00893nam a2200217 a 4500
005 - FECHA Y HORA DE LA ÚLTIMA TRANSACCIÓN
control field 20210420120600.0
008 - DE LONGITUD FIJA DE DATOS DE ELEMENTOS - INFORMACIÓN GENERAL
Elementos de longitud fija [NR] 120830s1975 mauab||gr|||| 00| 0 eng d
020 ## - NUMERO INTERNACIONAL NORMALIZADO PARA LIBROS [R]
Número Internacional Normalizado del libro [NR] 0262060574
040 ## - FUENTE DE CATALOGACION [NR]
Agencia de catalogación original [NR] CO-BoUCM
Idioma de catalogación [NR] spa
Quien Cataloga Deissy Garcia
Quien Clasifica Deissy Garcia
041 0# - CODIGO DE IDIOMA [R]
Código de idioma para texto/pista de sonido o título separado [R] Inglés
245 00 - MENCION DE TITULO [NR]
Título [NR] Regional policy; readings in theory and applications
Mención de responsabilidad, etc. [NR] edición John Friedmann, William Alonso
260 ## - PUBLICACION, DISTRIBUCION, ETC. (PIE DE IMPRENTA) [R]
Lugar de publicación, distribución, etc. [R] Cambridge, Massachusetts
Nombre del editor, distribuidor, etc. [R] MIT Press
Fecha de publicación, distribución, etc. [R] 1975
300 ## - DESCRIPCION FISICA [R]
Extensión [R] xxi, 808 páginas
Otros detalles físicos [NR] ilustraciones
504 ## - NOTA DE BIBLIOGRAFIA, ETC. [R]
Nota de bibliografía, etc. [NR] Incluye referencias bibliográficas
650 #7 - ASIENTO SECUNDARIO DE MATERIA - TERMINO TEMATICO [R]
9 (RLIN) 7932
Término temático o nombre geográfico como elemento de entrada [NR] Planificación regional
Subdivisión de forma [R] Ensayos, conferencias, etc.
Subdivisión general [R] Aspectos sociales
650 #7 - ASIENTO SECUNDARIO DE MATERIA - TERMINO TEMATICO [R]
Término temático o nombre geográfico como elemento de entrada [NR] Desarrollo económico
Subdivisión de forma [R] Ensayos, conferencias, etc.
Subdivisión general [R] Aspectos sociales
9 (RLIN) 103101
700 ## - ASIENTO SECUNDARIO - NOMBRE PERSONAL [R]
9 (RLIN) 74271
Nombre personal [NR] Friedmann, John
Término de relación [R] compilador
700 ## - ASIENTO SECUNDARIO - NOMBRE PERSONAL [R]
9 (RLIN) 65865
Nombre personal [NR] Alonso, William
942 ## - ELEMENTOS DE ENTRADA AGREGADOS (KOHA)
Tipo de ítem principal el descrito en 300a Libro
Sistema de clasificación DEWEY
Tema principal Sociología
Edición 1
Clasificación 309.25
Parte restante de la signatura top. R336
Título oculto en OPAC No
Existencias
Signatura topográfica Código de barras Última vez visto Ejemplar Costo de reposición Price effective from Tipo de ítem Perdido Sistema de clasificación Dañado No prestable Tipo de ítem específico Suprimido Ubicación habitual Ubicación actual Localización Fecha de creación Proveedor Forma de adquisición Costo
309.25 R336 100167282 10/12/2025 Ej.1 158364.00 09/04/2021 Libro   DEWEY     Libro   Claustro Claustro 2do piso 09/04/2021 157 Compra 158364.00